A handbook of industrial relations practice
| Main Author: | |
|---|---|
| Format: | Book |
| Published: |
London :
Kogan Page ,
1979
|
| Subjects: |
MARC
| LEADER | 00000cam a2200000 7i4500 | ||
|---|---|---|---|
| 001 | 0000008179 | ||
| 005 | 20230320093000.0 | ||
| 008 | 021119n | ||
| 020 | |a 0850382335 | ||
| 090 | 0 | 0 | |a HD6961 |b .H38 |
| 100 | 0 | |a Hawkins, Kevin , |e author | |
| 245 | 0 | 0 | |a A handbook of industrial relations practice |c Kevin Hawkin |
| 260 | 2 | |a London : |b Kogan Page , |c 1979 | |
| 300 | |a 251 p . ; ; |c 22 cm. | ||
| 500 | |a Includes index | ||
| 650 | 0 | |a Industrial relations |z Great Britain |v Handbooks, manuals, etc. | |
| 999 | |a 1000011883 |b Book |c OPEN SHELF (30 DAYS) |e Gong Badak Campus | ||